Rankin/ Bass Movies (Filmography) - Statistics

General Stats
  • This quiz has been taken 6 times
  • The average score is 5 of 52
Answer Stats
Hint Answer % Correct
1969 Frosty the Snowman
75%
1964 Rudolph the Red Nosed Reindeer
75%
1979 Jack Frost
50%
1977 The Hobbit
50%
1980 The Return of the King
50%
1971 Here Comes Peter Cottontail
25%
1976 Rudolph's Shiny New Year
25%
1970 Santa Claus is Comin' to Town
25%
1968 The Little Drummer Boy
25%
1974 The Year Without a Santa Claus
25%
2006 The Year Without a Santa Claus
25%
1974 'Twas the Night Before Christmas
25%
1973 20,000 Leagues Under the Sea
0%
2008 A Miser Brother's Christmas
0%
1997 Batman and Robin
0%
TBD Bird of Steel!
0%
2000 Boltneck
0%
1967 Cricket on the Hearth
0%
1976 Frosty's Winter Wonderland
0%
1967 King Kong Escapes
0%
1967 Mad Monster Party?
0%
1973 Marco
0%
2011 Monte Carlo
0%
1968 Mouse on the Mayflower
0%
1977 Nestor, the Long-Eared Christmas Donkey
0%
1980 Pinocchio's Christmas
0%
1964 Return to Oz
0%
1979 Rudolph and Frosty's Christmas in July
0%
2001 Santa Baby
0%
1973 The Ballad of Paul Bunyan
0%
1966 The Ballad of Smokey the Bear
0%
1978 The Bermuda Depths
0%
1981 The Bushido Blade
0%
1983 The Coneheads
0%
1966 The Daydreamer
0%
1977 The Easter Bunny is Comin' to Town
0%
1972 The Enchanted World of Danny Kaye: The Emperor's New Clothes
0%
1975 The First Christmas: The Story of the First Christmas Snow
0%
1982 The Flight of Dragons
0%
1980 The Ivory Ape
0%
1999 The King and I
0%
1977 The Last Dinosaur
0%
1982 The Last Unicorn
0%
1981 The Leprechaun's Christmas Gold
0%
1985 The Life and Adventures of Santa Claus
0%
1976 The Little Drummer Boy Book II
0%
1970 The Mad, Mad, Mad Comedians
0%
1983 The Sins of Dorian Gray
0%
1978 The Stingiest Man in Town
0%
1967 The Wacky World of Mother Goose
0%
1987 The Wind in the Willows
0%
1965 Willy McBean and His Magic Machine
0%
No matching quizzes found
Score Distribution
Percent of People with Each Score
Percentile by Number Answered
Your Score History
You have not taken this quiz